| 000 | 00535nam a2200217Ia 4500 | ||
|---|---|---|---|
| 008 | 180523s9999 xx 000 0 und d | ||
| 020 | _a971-08-1300-5 | ||
| 050 | _aMAIN BC 101 | ||
| 050 | _b.B33 1966 | ||
| 100 | _aBachhuber, Andrew H. | ||
| 245 | 0 | _aIntroduction to logic / | |
| 245 | 0 | _cAndrew H. Bachhuber . | |
| 260 | _aNew York : | ||
| 260 | _bAppleton-Century-Crofts, | ||
| 260 | _c1966 | ||
| 300 | _a332 pages : | ||
| 300 | _billustrations ; | ||
| 300 | _c19 cm. | ||
| 500 | _aIncludes index. | ||
| 650 | _aLogic | ||
| 999 |
_c356547 _d356547 |
||